Questions aléatoires de géographie - 13 - Statistiques

Statistiques générales
  • Ce quiz a été pris 68 fois
  • Le résultat moyen est 7 sur 15
Statistiques - réponses
Indice Réponse % Correct
Combien de pays bordent la mer Caspienne ? 5
85%
Dans quel pays vivent le plus de descendants d'incas ? le Pérou
83%
Dans quel lac africain, le Nil prend-il sa source ? le lac Victoria
75%
Dans quel état américain trouve-t-on la ville de Phoenix ? l Arizona
71%
Sur quelle péninsule disputée se trouve la ville de Sébastopol ? la Crimée
68%
Le drapeau de quel pays comprend un bouclier et deux lances traditionnelles masaï ? le Kenya
68%
Quel est le plus grand fleuve de la péninsule ibérique ? le Tage
49%
Quelle ville française tient son nom de la capitale de la Catalogne ? Barcelonette
46%
Sur quelles îles françaises peut on trouver des fjords ? les îles Kerguelen
34%
Quelle île bretonne fait face à Lorient ? l île de Groix
25%
Quelle est la plus grande ville ouïghoure de Chine ? Ürümqi
24%
Quelle province belge a pour chef lieu Mons ? le Hainaut
22%
Quel est le nom de la péninsule comprise entre la mer de Béring et la mer d'Okhotsk ? le Kamtchatka
22%
Quel est le plus grand désert mexicain ? le désert de Chihuahua
15%
Dans quel grand lac canadien se jette le fleuve Mackenzie ? le grand lac des Esclaves
15%
Aucun quiz correspondant
Distribution des résultats
% des personnes avec chaque résultat
Percentile par nombre de réponses
Votre historique - résultats
Vous n’avez pas pris ce quiz